Statistiques concernant Sly Cooper - personnages

Cliquez ici pour prendre le quiz!

Statistiques générales

  • Ce quiz a été pris 51 fois
  • Le résultat moyen est 17 sur 33

Statistiques - réponses

HintRéponse% Correct
Le voleurSly
100%
Le cerveauBentley
97%
Les musclesMurray
92%
La policièreCarmelita
87%
Le chef des 5 maléfiques (Sly 1)Clockwerk
82%
Le distributeur d'épices du gang de Klaww (Sly 2)Dimitri
77%
Copine de BentleyPénélope
77%
3eme méchant, en Hollande (Sly 3)le baron noir
72%
Le 4eme des 5 maléfiques (Sly 1)Panda King
72%
Policière membre du gang de Klaww (Sly 2)Neyla
67%
Le 2eme des 5 maléfiques (Sly 1)Muggshot
64%
Le transporteur d'épices du gang de Klaww (Sly 2)Jean Bison
62%
Hypnotiseuse du gang de Klaww (Sly 2)La Comtesse
62%
Le producteur d'épices du gang de Klaww (Sly 2)Rajan
59%
Le 1er des 5 maléfiques (Sly 1)Raleigh
56%
1er méchant, à Venise (Sly 3)Octavio
51%
Chef du gang de Klaww (Sly 2)Arpeggio
49%
La 3eme des 5 maléfiques (Sly 1)Miss Ruby
49%
Ancêtre préhistorique de Sly (Sly 4)Bob
46%
Méchant au Far West (Sly 4)Toothpick
46%
Méchant en Angleterre médiévale (Sly 4)Chevalier Noir
44%
6eme et grand méchant de Sly 3 (Sly 3)Docteur M
44%
4eme méchant, en Chine (Sly 3)Tsao
44%
Méchant au japon (Sly 4)El Jefe
41%
Grand méchant de Sly 4 (Sly 4)LeParadox
38%
Méchante en Arabie antique (Sly 4)Miss Décibel
36%
Méchant à la préhistoire (Sly 4)Grizz
33%
Ancêtre japonais de Sly (Sly 4)Rioichi Cooper
28%
5eme méchant, dans les Caraïbes (Sly 3)Capitaine Lafouine
23%
Ancêtre du far west de Sly (Sly 4)Tennesee Kid Cooper
18%
Ancêtre d'Arabie antique de Sly (Sly 4)Salim Al Kupar
10%
Ancêtre chevalier de Sly (Sly 4)Richard Galleth Cooper
3%
2eme méchant, en Australie (Sly 3)le masque noire de la terre sombre
0%

Distribution des résultats

Percentile par nombre de réponses

% des personnes avec chaque résultat

Votre développement - résultats

Vous n’avez pas pris ce quiz